00466nam a2200121Ia 4500008004100000082002200041100001500063245007500078260003500153365000600188630007500194730007500269100415s9999 xx 000 0 und d b5481a595.733(54) aFraser FC aThe Fauna of British India including Ceylon and Burma : Vol. I Odonata aLONDONc1933bTAYLOR & FRANCIS b0 aThe Fauna of British India including Ceylon and Burma : Vol. I Odonata aThe Fauna of British India including Ceylon and Burma : Vol. I Odonata